• 首页
  • 本馆介绍
  • 公告通知
  • 最新文献
  • 馆藏检索
  • 电子资源
  • 读者导购
  • 参考咨询
  • 我的图书馆
  • 登录
  • 详细信息显示
  • 放入我的书架
  • 预约/预借图书
  • 作者相关作品
  • 分类相关作品
  • 丛书相关作品
  • 出版社相关作品

书目信息

  • 表格格式
  • 工作单格式
  • 卡片格式
题名:
微笑的将军
    
 
作者: 罗德 著 ;厦门大学南洋研究所编译组 译
分册:  
出版信息: 北京   商务印书馆  1979
页数: 198页
开本: 19cm
丛书名:
单 册:
中图分类: K813.421
科图分类:
主题词:
电子资源:
ISBN:
000 00817nam0 2200253 45
001 0179007228
005 20060331094458.17
010    @dCNY0.52
091    @a3017.228
100    @a19950725d1979 em y0chiy0121 ea
101 1  @achi
102    @aCN@b110000
105    @ay z 000yb
200 10 @a微笑的将军@Awei xiao de jiang jun@e印度尼西亚总统苏哈托@fO·G·罗德著@FO·G·luo de zhu@g厦门大学南洋研究所编译组译
210    @a北京@c商务印书馆@d1979
215    @a198页@d19cm
300    @a内部发行
517 1  @a印度尼西亚总统苏哈托@Ayin du ni xi ya zong tong su ha tuo
600  1 @a苏哈托@bT.N.J.@x传记
690    @aK813.421
701  0 @a罗德@Aluo de@4著
712 02 @a厦门大学南洋研究所编译组@Axia men da xue nan yang yan jiu suo bian yi zu@4译
801  0 @aCN@bNLC@c20060331
905    @f1@b26054@dK813.421@e23
    
    微笑的将军:印度尼西亚总统苏哈托/O·G·罗德著/厦门大学南洋研究所编译组译.-北京:商务印书馆,1979
    198页;19cm
    内部发行
    
    ISBN :CNY0.52
    
●
相关链接 在E读中查询图书 在五车中查询图书 在当当中查询图书 在豆瓣中查询图书


正题名:微笑的将军     索取号:K813.421/23         预约/预借

序号 登录号 条形码 馆藏地/架位号 状态 备注
1 0026053   202214914   密集书库/ [索取号:K813.421/23] 在馆    
2 0026054   001924332   密集书库/ [索取号:K813.421/23] 在馆    
唐山师范学院图书馆 欢迎您!
大连网信软件有限公司© 版权所有